000 00369nam a2200145 i 4500
001 96761
003 ES-MaACL
005 20230906181954.0
007 t|
008 050630s1922 fr ||||1| fre d
245 0 3 _aLa Mandchouriz et le Japon.
260 _a[s.l. :
_bs.n.],
_c1922 (
_eParĂ­s :
_fJ. Dumoulin)
300 _a196 p. ;
_c23 cm.
852 _aES-MaACL
_jC-3226
999 _c96761
_d96761